000 00532nam a2200181Ia 4500
008 240729s9999 xx 000 0 und d
022 _a2515-8163
245 0 _aCephalalgia Reports
260 _aUnited Kingdom
260 _bSAGE Publishing
650 _a Internal medicine
650 _a Neurosciences. Biological psychiatry. Neuropsychiatry
650 _a Therapeutics. Pharmacology | Medicine
650 _aMedicine
856 _uhttps://doaj.org/toc/f241b94efd5d4ff490cfb1f5b23edb69
942 _2ddc
942 _cDOAJEJ
999 _c65801
_d65801
945 _a1
_bMadushi Gamage
_c1
_dMadushi Gamage